[Event "ESP-ch 84th"]
[Site "Marbella"]
[Date "2019.11.17"]
[Round "2"]
[White "Diaz Mino, Pablo"]
[Black "Malia Ramirez, Jose"]
[Result "1-0"]
[WhiteElo "2135"]
[BlackElo "1835"]
[PlyCount "67"]
[EventDate "2019.11.16"]
[EventType "swiss"]
[EventRounds "9"]
[EventCountry "ESP"]
[SourceTitle "CBM 193 Extra"]
[Source "ChessBase"]
[SourceDate "2020.01.31"]
[SourceVersion "1"]
[SourceVersionDate "2020.01.31"]
[SourceQuality "1"]

1. d4 d6 2. c4 e5 3. d5 Be7 4. Nc3 Bg5 5. e3 f5 6. Nf3 Bh6 7. Qa4+ Bd7 8. Qb3 Na6 9. Qxb7 Nc5 10. Qb4 e4 11. Nd4 Nf6 12. Qa5 0-0 13. b4 Nd3+ 14. Bxd3 exd3 15. Ncb5 Bxb5 16. Nxb5 Ne4 17. Qa3 d2+ 18. Bxd2 Nxd2 19. Kxd2 Qh4 20. g3 Qxc4 21. Qd3 Qxb4+ 22. Ke2 Qg4+ 23. f3 Qh3 24. Kf2 Rae8 25. Rae1 f4 26. e4 Rf7 27. Nxa7 Ref8 28. g4 Bg5 29. Reg1 Bh4+ 30. Ke2 Ra8 31. Qb3 Raf8 32. Nc6 h5 33. gxh5 Qc8 34. a4 1-0

[Event "ESP-ch 84th"]
[Site "Marbella"]
[Date "2019.11.16"]
[Round "1"]
[White "Malia Ramirez, Jose"]
[Black "Alvarez Fernandez, Enrique"]
[Result "1/2-1/2"]
[WhiteElo "1835"]
[BlackElo "2349"]
[PlyCount "120"]
[EventDate "2019.11.16"]
[EventType "swiss"]
[EventRounds "9"]
[EventCountry "ESP"]
[SourceTitle "CBM 193 Extra"]
[Source "ChessBase"]
[SourceDate "2020.01.31"]
[SourceVersion "1"]
[SourceVersionDate "2020.01.31"]
[SourceQuality "1"]

1. e4 c5 2. Nf3 d6 3. b3 Nd7 4. Bb2 Ngf6 5. Nc3 e6 6. d4 cxd4 7. Nxd4 a6 8. Bd3 b5 9. 0-0 Bb7 10. b4 Be7 11. Kh1 0-0 12. f4 d5 13. e5 Ne4 14. a3 Qb6 15. Bxe4 dxe4 16. Nf5 exf5 17. Qxd7 Rfe8 18. Qxf5 g6 19. Qg4 f5 20. exf6 Bxf6 21. f5 Be5 22. fxg6 Qxg6 23. Qxg6+ hxg6 24. Nd1 Bxb2 25. Nxb2 Rac8 26. Rac1 Rc3 27. a4 Rec8 28. axb5 axb5 29. Rf2 Rb3 30. Nd1 Rxb4 31. Ne3 Rd8 32. Rf6 Kg7 33. Rcf1 Bd5 34. g4 Bc4 35. R1f2 Rd7 36. g5 Rb1+ 37. Kg2 Re1 38. Nxc4 bxc4 39. Re6 Rf7 40. Rxf7+ Kxf7 41. Rf6+ Kg7 42. Kf2 Rh1 43. Rc6 Rxh2+ 44. Ke3 Rxc2 45. Rc7+ Kf8 46. Kxe4 Re2+ 47. Kf4 Rf2+ 48. Kg4 Rc2 49. Kf4 c3 50. Ke5 Rc1 51. Kf6 Ke8 52. Kxg6 Kd8 53. Rc4 Ke7 54. Kg7 Kd6 55. g6 Kd5 56. Rc8 Kd4 57. Kf7 Rf1+ 58. Ke6 Rg1 59. Kf7 Rf1+ 60. Ke6 Rg1 1/2-1/2

[Event "Andalucia-chA"]
[Site "Algeciras"]
[Date "2018.05.13"]
[Round "3"]
[White "Roman Sanchez, Jesus Maria"]
[Black "Malia Ramirez, Jose"]
[Result "1-0"]
[WhiteElo "1987"]
[BlackElo "1831"]
[PlyCount "47"]
[EventDate "2018.05.12"]
[EventType "swiss"]
[EventRounds "8"]
[EventCountry "ESP"]
[SourceTitle "EXT 2020"]
[Source "ChessBase"]
[SourceDate "2019.10.17"]
[SourceVersion "1"]
[SourceVersionDate "2019.10.17"]
[SourceQuality "1"]

1. Nf3 Nf6 2. d4 c5 3. e3 g6 4. g3 Bg7 5. Bg2 0-0 6. 0-0 d5 7. Nbd2 b6 8. c3 Nc6 9. b3 Qc7 10. Ba3 cxd4 11. cxd4 Bg4 12. h3 Be6 13. Rc1 Qd7 14. Kh2 Rac8 15. Qe2 h6 16. Rfd1 Nh5 17. Ne1 f5 18. Nd3 f4 19. Nf3 fxg3+ 20. fxg3 Bf5 21. Nde5 Nxe5 22. Nxe5 Bxe5 23. dxe5 Qe6 24. Bxd5 1-0

[Event "Andalucia-chA"]
[Site "Algeciras"]
[Date "2018.05.12"]
[Round "1"]
[White "Fernandez Montero, Francisco Manuel"]
[Black "Malia Ramirez, Jose"]
[Result "1-0"]
[WhiteElo "2031"]
[BlackElo "1831"]
[PlyCount "53"]
[EventDate "2018.05.12"]
[EventType "swiss"]
[EventRounds "8"]
[EventCountry "ESP"]
[SourceTitle "EXT 2020"]
[Source "ChessBase"]
[SourceDate "2019.10.17"]
[SourceVersion "1"]
[SourceVersionDate "2019.10.17"]
[SourceQuality "1"]

1. e4 e6 2. d4 d5 3. Bd3 dxe4 4. Bxe4 Nf6 5. Bf3 Be7 6. Ne2 0-0 7. 0-0 Nbd7 8. Bf4 c5 9. c3 Nd5 10. Nd2 Nxf4 11. Nxf4 Qc7 12. g3 g5 13. Nd3 c4 14. Ne5 Nxe5 15. dxe5 Qxe5 16. Nxc4 Qc5 17. Qe2 f5 18. Rad1 g4 19. Bg2 h5 20. Rfe1 f4 21. Bxb7 fxg3 22. hxg3 Bxb7 23. Qxe6+ Rf7 24. Qg6+ Rg7 25. Qe6+ Kh7 26. Re5 Rg6 27. Qf7+ 1-0

[Event "Seville op 24th"]
[Site "Seville"]
[Date "1999.??.??"]
[Round "3"]
[White "Malia Ramirez, Jose"]
[Black "Gallego Jimenez, Victoriano"]
[Result "0-1"]
[WhiteElo "2500"]
[BlackElo "2355"]
[PlyCount "42"]
[EventDate "1999.01.??"]
[EventType "swiss"]
[EventRounds "9"]
[EventCountry "ESP"]
[SourceTitle "EXT 2000"]
[Source "ChessBase"]
[SourceDate "1999.11.16"]
[SourceVersion "1"]
[SourceVersionDate "1999.11.16"]
[SourceQuality "1"]

1. e4 c5 2. b4 cxb4 3. Bc4 Nf6 4. Nf3 Nxe4 5. Bb2 e6 6. 0-0 Nf6 7. d4 d6 8. d5 e5 9. Nbd2 Be7 10. Ng5 0-0 11. f4 Ng4 12. Ne6 Qb6+ 13. Kh1 Ne3 14. Qh5 g6 15. Qh3 fxe6 16. Rf3 exd5 17. Qh6 dxc4 18. Rg3 Ng4 19. Rxg4 Bxg4 20. Nxc4 Qf2 21. h3 Qxf4 0-1